000 00692nam a2200169 4500
999 _c16219
_d16219
008 210811b ||||| |||| 00| 0 eng d
022 _a10422587
082 _aDPer 658.405 En86 2016
100 _aKlotz, Anthony C.
_943472
245 _aResearch on the dark side of personality traits in entrepreneurship:
_bobservations from an organizational behavior perspective/
_cAnthony C. Klotz, and Donald O. Neubaum.
260 _aHoboken, NJ:
_bWiley Subscription Services, Inc.,
_cc2016.
300 _av40 n1, pages 7-18;
_c25 cm.
650 _aEntrepreneurs
_xPersonality.
_943473
650 _aBehavior
_xBusinesspeople.
_943474
700 _aNeubaum, , D. O.
_eAuthor.
_943475
942 _2ddc
_cPER